Normal view
MARC view
Entry Personal Name
001 - CONTROL NUMBER
- control field: 872586
003 - CONTROL NUMBER IDENTIFIER
- control field: OSt
005 - DATE AND TIME OF LATEST TRANSACTION
- control field: 20260114185636.0
008 - FIXED-LENGTH DATA ELEMENTS
- fixed length control field: 260114|| aca||aabn | a|a d
040 ## - CATALOGING SOURCE
- Original cataloging agency: OSt
- Transcribing agency: OSt
100 ## - HEADING--PERSONAL NAME
- Personal name: Brian L. Davies
670 ## - SOURCE DATA FOUND
- Source citation: Work cat.: (OSt)1471534: Brian L. Davies, The Russo-Turkish War, 1768-1774 Catherine II and the Ottoman Empire, 2016
